000 00742nam a2200205Ii 4500
003 JO-AjNU
008 230605s9999||||xx |||||||||||||| ||und||
017 _a1984/21
040 _aJO-AjNU
_bara
_erda
_cJO-AjNU
041 _aara
050 1 4 _aPJ7750.B22.A17 1983
100 3 _aدراسة وتحقيق عبد الجابر، سعود محمود,
_eauthor
_939100
245 0 0 _aشعر الببغاء عبد الواحد بن نصر المخزومي
264 3 1 _aقطر:جامعة قطر،1984
300 _a190ص
336 _atext
_btxt
_2rdacontent
337 _aunmediated
_bn
_2rdamedia
338 _avolume
_bnc
_2rdacarrier
650 4 _a الشعر العربي - تاريخ ونقد - العصر العباسي الثاني
_939101
999 _aA16485
_c20053
_d20053